Charakteristika, význam a skúsenosti z rozvoja vidieckeho turizmu a agroturizmu v zahraničí

Jednou z nových podnikateľských činností je agroturistika zameraná na využitie vidieckeho a poľnohospodárskeho potenciálu pre cestovný ruch. Vidiecky turizmus a agroturizmus. Možnosti podnikania poľnohospodárskych podnikov v cestovnom ruchu na Slovensku. Doplnkové služby agroturizmu. Niekoľko typov...

ver descrição completa

Na minha lista:
Detalhes bibliográficos
Autor principal: Mach, František
Outros Autores: Srnková, Ľ.
Formato: Capítulo de Livro
Idioma:eslovaco
Assuntos:
Tags: Adicionar Tag
Sem tags, seja o primeiro a adicionar uma tag!

MARC

LEADER 00000naa a2200000 4500
001 r024115
005 20221213083431.9
041 0 |a slo 
044 |a CZ 
245 1 0 |a Charakteristika, význam a skúsenosti z rozvoja vidieckeho turizmu a agroturizmu v zahraničí  |c František Mach, Ľ. Srnková 
520 |a Jednou z nových podnikateľských činností je agroturistika zameraná na využitie vidieckeho a poľnohospodárskeho potenciálu pre cestovný ruch. Vidiecky turizmus a agroturizmus. Možnosti podnikania poľnohospodárskych podnikov v cestovnom ruchu na Slovensku. Doplnkové služby agroturizmu. Niekoľko typov agroturizmu v európskych krajinách s jeho dlhoročnou tradíciou. 
610 2 0 |a ruch cestovný 
610 2 0 |a agroturistika 
610 2 0 |a Slovensko 
610 2 0 |a Európa 
610 2 0 |a podnikanie 
610 2 0 |a podnik poľnohospodársky 
610 2 0 |a vidiek 
610 2 0 |a služby 
610 2 0 |a poľnohospodárstvo 
100 1 |a Mach, František 
700 1 |a Srnková, Ľ.